Integral humanism: documents, interpretations, comparisons (Record no. 480893)

000 -LEADER
fixed length control field 00404cam a22001337a 4500
008 - FIXED-LENGTH DATA ELEMENTS--GENERAL INFORMATION
fixed length control field 180718b1992 xxu||||| |||| 00| 0 eng d
082 ## - DEWEY DECIMAL CLASSIFICATION NUMBER
Classification number A99 Up1
245 ## - TITLE STATEMENT
Title Integral humanism: documents, interpretations, comparisons
Statement of responsibility, etc. ediated by Devendra Swarup
260 ## - PUBLICATION, DISTRIBUTION, ETC.
Place of publication, distribution, etc. New Delhi
Name of publisher, distributor, etc. Deendayal Research Institute
Date of publication, distribution, etc. 1992
300 ## - PHYSICAL DESCRIPTION
Extent 192p.
650 ## - SUBJECT ADDED ENTRY--TOPICAL TERM
Topical term or geographic name entry element Deendayal
650 ## - SUBJECT ADDED ENTRY--TOPICAL TERM
Topical term or geographic name entry element Humanism
700 ## - ADDED ENTRY--PERSONAL NAME
Personal name Swarup, Devendra
Holdings
Withdrawn status Lost status Damaged status Not for loan Permanent Location Current Location Date acquired Full call number Barcode Date last seen Price effective from Koha item type Total Checkouts Date last checked out
        Indian Institute of Public Administration Indian Institute of Public Administration 2018-08-04 A99 Up1 GR14942 2018-08-04 2018-08-04 GR    
        Indian Institute of Public Administration Indian Institute of Public Administration 2018-08-04 A99 Up1 GR12986 2019-04-26 2018-08-04 GR 1 2019-04-24

Powered by Koha